Mal's General Knowledge 36 - Statistics

General Stats
  • This quiz has been taken 71 times
  • The average score is 12 of 20
Answer Stats
Hint Answer % Correct
6) How many degrees are in a circle? 360
95%
16) Which letter is between A and D on a standard keyboard? S
95%
20) What are the Roman numerals for 24? XXIV
94%
10) Nashville is the capital of which American state? Tennessee
90%
4) What is the square root of 121? 11
87%
12) The Red Sea is an arm of which ocean? Indian
79%
9) A short nap, especially in the daytime, is said to be how many winks? 40
76%
11) What nationality was composer Ottorino Respighi? Italian
71%
17) In which Caribbean country is the city of Montego Bay? Jamaica
70%
2) Which US city is nicknamed The Big Easy? New Orleans
70%
19) Tbilisi is the capital of which country? Georgia
65%
3) Who was the Roman goddess of hunting? Diana
60%
18) What is the main gas in 'Natural Gas'? Methane
52%
15) Ibices is a plural of which word? Ibis
40%
5) What is the capital of the African nation Togo? Lome
33%
1) Galena is the principal ore of which metal? Lead
25%
7) Name the only British prime minister to have been assassinated (1812)? Spencer Perceval
22%
13) What does bicephalous mean? Two heads
22%
14) In human anatomy, what is the more common name for the axilla? Armpit
17%
8) What is the only capital city that stands on a river which is an anagram of it's name? Bangui / Ubangi
2%
No matching quizzes found
Score Distribution
Percent of People with Each Score
Percentile by Number Answered
Your Score History
You have not taken this quiz